Historia do Congo (Record no. 161248)

MARC details
000 -LEADER
campo de control de longitud fija 00702nam a2200205 i 4500
001 - NÚMERO DE CONTROL
campo de control 161248
003 - IDENTIFICADOR DE NÚMERO DE CONTROL
campo de control ES-MaACL
005 - FECHA Y HORA DE LA ÚLTIMA TRANSACCIÓN
campo de control 20230906212231.0
008 - DATOS DE LONGITUD FIJA--INFORMACIÓN GENERAL
campo de control de longitud fija 990104s1877 po |||| | por d
040 ## - FUENTE DE CATALOGACIÓN
Centro catalogador/agencia de origen CCPB | B
Lengua de catalogación spa
Centro/agencia transcriptor CCPB | B
100 1# - ENTRADA PRINCIPAL--NOMBRE DE PERSONA
Nombre de persona Manso, Paiva
Títulos y otros términos asociados al nombre Visconde de (
Fechas asociadas al nombre 1831-1875)
9 (RLIN) 155224
245 10 - MENCIÓN DEL TÍTULO
Título Historia do Congo
Resto del título : (documentos) /
Mención de responsabilidad, etc. obra posthuma do Visconde de Paiva Manso.
260 ## - PUBLICACIÓN, DISTRIBUCIÓN, ETC.
Lugar de publicación, distribución, etc. Lisboa :
Nombre del editor, distribuidor, etc. Academia Real das Sciencias,
Fecha de publicación, distribución, etc. 1877.
300 ## - DESCRIPCIÓN FÍSICA
Extensión [2] h., 369 p. ;
Dimensiones 24 cm.
597 ## - NOTA DE DESCRIPCIÓN FÍSICA
NOTA DE DESCRIPCIÓN FÍSICA Antep.
651 #4 - PUNTO DE ACCESO ADICIONAL DE MATERIA--NOMBRE GEOGRÁFICO
Nombre geográfico Congo-
Subdivisión general Historia-
Subdivisión de forma Fuentes.
9 (RLIN) 137100
651 #4 - PUNTO DE ACCESO ADICIONAL DE MATERIA--NOMBRE GEOGRÁFICO
Nombre geográfico Angola-
Subdivisión general Historia.
9 (RLIN) 155225
752 ## - ENTRADA AGREGADA--NOMBRE JERÁRQUICO DEL LUGAR
País o entidad superior Portugal -
Ciudad Lisboa
852 ## - LOCALIZACIÓN
Ubicación ES-MaACL
Número de control de estantería G-8701
Nota libre -- Enc. pasta española
Holdings
Estatus retirado Estado de pérdida Estado de daño No para préstamo Colección Biblioteca de origen Biblioteca actual Ubicación en estantería Fecha de adquisición Fuente de adquisición Total de préstamos Signatura topográfica completa Código de barras Visto por última vez Precio de reemplazo Tipo de ítem Koha
        Libros del s. XIX Biblioteca del Ateneo de Madrid Biblioteca del Ateneo de Madrid Sala Pecera Planta 3 17/01/2008     G-8701 1168896 23/02/2023 23/02/2023 Libro impreso antiguo